000 01620nam a2200469 i 4500
001 30744
003 KOSZ 005
005 20201106110814.0
008 970620s1992 pl f |000 0 pol
015 _aUWD 1995/1424
020 _a8390011042
035 _a991000266909705066
035 _a(PL-WaBN)b10114798-48omnis_nlop
035 _ab10114798
035 _a(OCoLC)749515614
035 _a(PL)b0000001011479
035 _a(EXLNZ-48OMNIS_NETWORK)9910258094705606
040 _aWA N
_cWA N
_dKOSZ 005/EG
046 _k1992
080 _a553
080 _a549
080 _a66
080 _a(03)
245 0 0 _aEncyklopedia surowców mineralnych.
_n[T. 2],
_pH-O /
_cpod red. Andrzeja Bolewskiego ; Polska Akademia Nauk. Komitet Gospodarki Surowcami Mineralnymi, Centrum Podstawowych Problemów Gospodarki Surowcami Mineralnymi i Energią PAN.
260 _aKraków :
_bWydaw. CPPGSMiE PAN,
_c1992.
300 _a[2], 494, [2] s. ;
_c23 cm.
336 _aTekst
_btxt
_2rdacontent
337 _aBez urządzenia pośredniczącego
_bn
_2rdamedia
338 _aWolumin
_bnc
_2rdacarrier
380 _aKsiążki
388 _a1901-2000
388 _a1989-2000
500 _aPocz. opubl. w kwart. Gospodarka surowcami mineralnymi.
504 _aBibliogr. s. [495].
650 7 _aMinerały
_2DBN
655 7 _aEncyklopedia
_2DBN
658 _aGeografia i nauki o Ziemi
700 1 _aBolewski, Andrzej
_d(1906-2002)
_eRedakcja
856 _uhttp://koha.tu.koszalin.pl/cgi-bin/koha/opac-detail.pl?biblionumber=30744
_yKatalog online BPK
942 _2UKD
_cKS
999 _c30744
_d30744